Torschützenliste der Fußball-Bundesliga 2019-2020 - Statistiken

Allgemein
  • Dieses Quiz wurde 85 mal gespielt
    51 seit der letzten Aktualisierung
  • Das Durchschnittsergebnis liegt bei 10 aus 14
Antwortstatistiken
Tore Nationalität Verein Spieler % Korrekt
34 Polen FC Bayern München Robert Lewandowski
100%
28 Deutschland RB Leipzig Timo Werner
100%
17 England Borussia Dortmund Jadon Sancho
98%
13 Norwegen Borussia Dortmund Erling Haaland
95%
16 Niederlande VfL Wolfsburg Wout Weghorst
93%
12 Kroatien TSG 1899 Hoffenheim Andrej Kramarić
86%
12 Deutschland FC Bayern München Serge Gnabry
86%
12 Portugal Eintracht Frankfurt André Silva
77%
13 Kolumbien 1. FC Köln Jhon Córdoba
63%
12 Deutschland Bayer 04 Leverkusen Kai Havertz
58%
15 Deutschland Fortuna Düsseldorf Rouwen Hennings
47%
12 Schweden 1. FC Union Berlin Sebastian Andersson
37%
13 Deutschland FC Augsburg Florian Niederlechner
28%
13 Schweden 1. FSV Mainz 05 Robin Quaison
28%
Keine übereinstimmenden Quizze gefunden
Verteilung der Resultate
Anzahl Personen mit jedem Resultat
Perzentil nach korrekt beantworteten Fragen
Ihre Resultats-Entwicklung
Sie haben dieses Quiz seit der letzten Aktualisierung nicht gespielt